[Event "EU-ch (Women) 12th"]
[Site "Tbilisi"]
[Date "2011.05.16"]
[Round "9"]
[White "Jalabadze, Natia"]
[Black "Mamedjarova, Zeinab"]
[Result "0-1"]
[WhiteElo "2052"]
[BlackElo "2342"]
[PlyCount "66"]
[EventDate "2011.05.07"]
[EventType "swiss"]
[EventRounds "11"]
[EventCountry "GEO"]
[SourceTitle "CBM 142 Extra"]
[Source "ChessBase"]
[SourceDate "2011.06.27"]
[SourceVersion "1"]
[SourceVersionDate "2011.06.27"]
[SourceQuality "1"]

1. e4 e5 2. Nf3 Nc6 3. Bb5 a6 4. Ba4 Nf6 5. d3 d6 6. 0-0 g6 7. c3 b5 8. Bb3 Bg7 9. h3 0-0 10. Be3 h6 11. Nbd2 d5 12. a4 Rb8 13. axb5 axb5 14. Qc2 g5 15. Rfc1 Be6 16. Ra6 Qd7 17. Nf1 Nh5 18. Bc5 Rfe8 19. Ne3 Nf4 20. c4 bxc4 21. dxc4 dxe4 22. Ba4 exf3 23. Bxc6 Qc8 24. Rca1 Bd7 25. Bxf3 e4 26. Bxe4 Rxb2 27. Qd1 Ne2+ 28. Kh1 Nc3 29. Bh7+ Kxh7 30. Qd3+ Kg8 31. Ra8 Ne4 32. Qd5 Rb8 33. Rxb8 Qxb8 0-1

[Event "EU-ch (Women) 12th"]
[Site "Tbilisi"]
[Date "2011.05.11"]
[Round "5"]
[White "Jalabadze, Natia"]
[Black "Gogishvili, Dea"]
[Result "1/2-1/2"]
[WhiteElo "2052"]
[BlackElo "1856"]
[PlyCount "60"]
[EventDate "2011.05.07"]
[EventType "swiss"]
[EventRounds "11"]
[EventCountry "GEO"]
[SourceTitle "CBM 142 Extra"]
[Source "ChessBase"]
[SourceDate "2011.06.27"]
[SourceVersion "1"]
[SourceVersionDate "2011.06.27"]
[SourceQuality "1"]

1. e4 c5 2. Nf3 e6 3. d4 cxd4 4. Nxd4 Nc6 5. Nc3 Nf6 6. g3 Bb4 7. Bg2 d5 8. exd5 Nxd5 9. Nxc6 bxc6 10. 0-0 0-0 11. Ne2 Ba6 12. c3 Bc5 13. Qc2 Qb6 14. c4 Nf6 15. h3 Bb7 16. b3 Rfe8 17. Bb2 e5 18. Rad1 Rad8 19. Rxd8 Qxd8 20. Nc3 Qc7 21. Re1 Bd4 22. Ne4 c5 23. Nxf6+ gxf6 24. Kh2 Bxg2 25. Kxg2 Qc6+ 26. f3 e4 27. Rxe4 Rxe4 28. fxe4 Bxb2 29. Qxb2 f5 30. Qe5 fxe4 1/2-1/2

[Event "EU-ch (Women) 12th"]
[Site "Tbilisi"]
[Date "2011.05.08"]
[Round "2"]
[White "Bulmaga, Irina"]
[Black "Jalabadze, Natia"]
[Result "1-0"]
[WhiteElo "2284"]
[BlackElo "2052"]
[PlyCount "59"]
[EventDate "2011.05.07"]
[EventType "swiss"]
[EventRounds "11"]
[EventCountry "GEO"]
[SourceTitle "CBM 142 Extra"]
[Source "ChessBase"]
[SourceDate "2011.06.27"]
[SourceVersion "1"]
[SourceVersionDate "2011.06.27"]
[SourceQuality "1"]

1. e4 c5 2. Nf3 Nf6 3. e5 Nd5 4. Nc3 Nxc3 5. dxc3 e6 6. Bf4 Nc6 7. Qd2 b6 8. Bd3 Bb7 9. 0-0-0 h6 10. h4 Qc7 11. Be4 0-0-0 12. h5 Na5 13. Qe2 Bxe4 14. Qxe4 Nb7 15. c4 Qc6 16. Qxc6+ dxc6 17. Rxd8+ Kxd8 18. Rh3 g5 19. hxg6 fxg6 20. Bg5+ Ke8 21. Bf6 Rg8 22. Nd2 h5 23. Ne4 Be7 24. g4 Na5 25. b3 b5 26. gxh5 gxh5 27. Rxh5 Bf8 28. Rh7 Rg1+ 29. Kb2 bxc4 30. Nd6+ 1-0

[Event "Wch U16 Girls"]
[Site "Porto Carras"]
[Date "2010.10.30"]
[Round "11"]
[White "Bea, Boglarka"]
[Black "Jalabadze, Natia"]
[Result "0-1"]
[WhiteElo "2109"]
[BlackElo "2043"]
[PlyCount "64"]
[EventDate "2010.10.20"]
[EventType "swiss"]
[EventRounds "11"]
[EventCountry "GRE"]
[SourceTitle "EXT 2011"]
[Source "ChessBase"]
[SourceDate "2010.11.26"]
[SourceVersion "1"]
[SourceVersionDate "2010.11.26"]
[SourceQuality "1"]

1. e4 c5 2. Nf3 d6 3. d4 cxd4 4. Nxd4 Nf6 5. Nc3 Nc6 6. Be2 e5 7. Nf3 h6 8. h3 Be7 9. 0-0 0-0 10. Re1 Be6 11. Bf1 Nb8 12. b3 Nbd7 13. Bb2 a6 14. a4 Rc8 15. Nd2 Qc7 16. Nc4 Rfd8 17. a5 Nf8 18. Nb6 Rb8 19. g3 N8d7 20. Nc4 Nf8 21. Ne3 Ng6 22. Ned5 Nxd5 23. Nxd5 Bxd5 24. exd5 Nf8 25. Bd3 Qd7 26. Qh5 Re8 27. Ra4 Nh7 28. Rg4 Nf6 29. Rxe5 Nxh5 30. Rxh5 Bg5 31. Rgxg5 hxg5 32. Rxg5 Qxh3 0-1

[Event "Wch U16 Girls"]
[Site "Porto Carras"]
[Date "2010.10.29"]
[Round "10"]
[White "Jalabadze, Natia"]
[Black "Iwanow, Anna"]
[Result "1/2-1/2"]
[WhiteElo "2043"]
[BlackElo "2112"]
[PlyCount "104"]
[EventDate "2010.10.20"]
[EventType "swiss"]
[EventRounds "11"]
[EventCountry "GRE"]
[SourceTitle "EXT 2011"]
[Source "ChessBase"]
[SourceDate "2010.11.26"]
[SourceVersion "1"]
[SourceVersionDate "2010.11.26"]
[SourceQuality "1"]

1. e4 e5 2. Nf3 Nc6 3. Bb5 a6 4. Ba4 Nf6 5. d3 Bc5 6. 0-0 d6 7. h3 h6 8. Nc3 0-0 9. Be3 Ba7 10. Ne2 b5 11. Bb3 d5 12. Bxa7 Rxa7 13. Ng3 Re8 14. Re1 Ra8 15. a4 Be6 16. axb5 axb5 17. Rxa8 Qxa8 18. exd5 Bxd5 19. Bxd5 Nxd5 20. d4 Nf4 21. d5 Rd8 22. Nxe5 Rxd5 23. Qg4 Nxh3+ 24. Qxh3 Rxe5 25. Rxe5 Nxe5 26. Qf5 Qe8 27. Ne4 Nc4 28. b3 Nd6 29. Nxd6 cxd6 30. g3 Qc6 31. Qd3 b4 32. Qd2 Qc5 33. Qe2 g6 34. Qe8+ Kg7 35. Qe4 Qc3 36. Kg2 Qd2 37. Kg1 h5 38. Kg2 Kh6 39. Qc4 Kg7 40. Qe4 Qc3 41. Kg1 Qc5 42. Kg2 Kf6 43. Kg1 d5 44. Qf3+ Ke6 45. Qe2+ Kd7 46. Qf3 f5 47. Qd3 Ke6 48. Qa6+ Kf7 49. Qb7+ Kf6 50. Qd7 Qd4 51. Qd8+ Kg7 52. Qe7+ Kg8 1/2-1/2

[Event "Wch U16 Girls"]
[Site "Porto Carras"]
[Date "2010.10.26"]
[Round "7"]
[White "Jalabadze, Natia"]
[Black "Saranya, J."]
[Result "1/2-1/2"]
[WhiteElo "2043"]
[BlackElo "2121"]
[PlyCount "82"]
[EventDate "2010.10.20"]
[EventType "swiss"]
[EventRounds "11"]
[EventCountry "GRE"]
[SourceTitle "EXT 2011"]
[Source "ChessBase"]
[SourceDate "2010.11.26"]
[SourceVersion "1"]
[SourceVersionDate "2010.11.26"]
[SourceQuality "1"]

1. e4 c5 2. Nf3 d6 3. d4 cxd4 4. Nxd4 Nf6 5. Nc3 a6 6. Bc4 e6 7. 0-0 Be7 8. Bb3 b5 9. Qf3 Qc7 10. Qg3 Nc6 11. Nxc6 Qxc6 12. Re1 Bb7 13. a3 0-0 14. Bh6 Ne8 15. Rad1 Kh8 16. Bg5 Bxg5 17. Qxg5 Nf6 18. f4 Rad8 19. f5 h6 20. Qf4 exf5 21. Qxf5 Rde8 22. Qf4 Re5 23. Kh1 Qc5 24. Rd2 a5 25. h3 b4 26. axb4 axb4 27. Nd5 Bxd5 28. Bxd5 Rfe8 29. Bxf7 Rxe4 30. Rxe4 Rxe4 31. Qg3 Re3 32. Qh4 Qa7 33. Bg6 Qa1+ 34. Kh2 Qf1 35. Rxd6 Re1 36. Rd8+ Ng8 37. Rxg8+ Kxg8 38. Qd8+ Qf8 39. Bh7+ Kf7 40. Bg6+ Kg8 41. Bh7+ Kf7 1/2-1/2

[Event "Wch U16 Girls"]
[Site "Porto Carras"]
[Date "2010.10.24"]
[Round "6"]
[White "Gagare, Shalmali"]
[Black "Jalabadze, Natia"]
[Result "1/2-1/2"]
[WhiteElo "2110"]
[BlackElo "2043"]
[PlyCount "60"]
[EventDate "2010.10.20"]
[EventType "swiss"]
[EventRounds "11"]
[EventCountry "GRE"]
[SourceTitle "EXT 2011"]
[Source "ChessBase"]
[SourceDate "2010.11.26"]
[SourceVersion "1"]
[SourceVersionDate "2010.11.26"]
[SourceQuality "1"]

1. c4 e5 2. g3 Nf6 3. Bg2 d5 4. cxd5 Nxd5 5. Nc3 Nb6 6. Nf3 Nc6 7. 0-0 Be7 8. a3 0-0 9. b4 Be6 10. Rb1 f6 11. d3 a5 12. b5 Nd4 13. Nd2 c6 14. bxc6 Nxc6 15. Na4 Nxa4 16. Qxa4 Qd7 17. Re1 Rac8 18. Nc4 Bxc4 19. dxc4 Bc5 20. Rb3 b6 21. Be3 Bxe3 22. Rxe3 Qc7 23. Rd3 Nb8 24. Qb5 Rfd8 25. Rb1 Rxd3 26. exd3 Nd7 27. Bd5+ Kf8 28. Be6 Rd8 29. Bf5 g6 30. Bxd7 Rxd7 1/2-1/2

[Event "EU-ch U16 Girls"]
[Site "Batumi"]
[Date "2010.09.27"]
[Round "8"]
[White "Jalabadze, Natia"]
[Black "Bea, Boglarka"]
[Result "1/2-1/2"]
[WhiteElo "2043"]
[BlackElo "2109"]
[PlyCount "59"]
[EventDate "2010.09.20"]
[EventType "swiss"]
[EventRounds "9"]
[EventCountry "GEO"]
[SourceTitle "CBM 138 Extra"]
[Source "ChessBase"]
[SourceDate "2010.10.29"]
[SourceVersion "1"]
[SourceVersionDate "2010.10.29"]
[SourceQuality "1"]

1. e4 c5 2. Nf3 e6 3. d4 cxd4 4. Nxd4 Nc6 5. Nc3 Qc7 6. g3 a6 7. Bg2 d6 8. 0-0 Bd7 9. Re1 Nf6 10. Nxc6 bxc6 11. Na4 Rb8 12. c4 c5 13. Nc3 Be7 14. b3 0-0 15. Bf4 Bc6 16. e5 Ne8 17. Bxc6 Qxc6 18. exd6 Bxd6 19. Qd2 Bxf4 20. Qxf4 Nd6 21. Rad1 Rbd8 22. Qe5 Nf5 23. Qe4 Qc7 24. Ne2 Qa5 25. Qc2 Rfe8 26. Kg2 Nd4 27. Nxd4 cxd4 28. Re2 Qc5 29. Qe4 e5 30. f3 1/2-1/2

[Event "EU-ch U16 Girls"]
[Site "Batumi"]
[Date "2010.09.23"]
[Round "5"]
[White "Tskhadadze, Anna"]
[Black "Jalabadze, Natia"]
[Result "0-1"]
[WhiteElo "1839"]
[BlackElo "2043"]
[PlyCount "81"]
[EventDate "2010.09.20"]
[EventType "swiss"]
[EventRounds "9"]
[EventCountry "GEO"]
[SourceTitle "CBM 138 Extra"]
[Source "ChessBase"]
[SourceDate "2010.10.29"]
[SourceVersion "1"]
[SourceVersionDate "2010.10.29"]
[SourceQuality "1"]

1. d4 Nf6 2. c4 e6 3. Nc3 Bb4 4. e3 0-0 5. Bd3 d5 6. Nge2 dxc4 7. Bxc4 e5 8. 0-0 exd4 9. exd4 Be7 10. h3 Nc6 11. Bf4 a6 12. Qd2 Bf5 13. Rad1 Na5 14. Bd3 Bxd3 15. Qxd3 Qd7 16. Qf3 Rad8 17. Ng3 Nc6 18. Be5 Ne8 19. Nf5 f6 20. Bh2 Bd6 21. Ne4 Bxh2+ 22. Kxh2 Nd6 23. Nexd6 cxd6 24. Rfe1 d5 25. Rd2 Rfe8 26. Rde2 Rxe2 27. Rxe2 g6 28. Nh6+ Kg7 29. Qe3 g5 30. Ng4 h5 31. Ne5 Qd6 32. g3 fxe5 33. Qxg5+ Qg6 34. Qxg6+ Kxg6 35. dxe5 Kf5 36. e6 d4 37. Kg2 h4 38. Kf3 hxg3 39. Kxg3 d3 40. Rd2 Ke4 41. h4 0-1

[Event "Tbilisi Cup"]
[Site "Tbilisi"]
[Date "2010.05.23"]
[Round "9"]
[White "Gelazonia, Parmen"]
[Black "Jalabadze, Natia"]
[Result "0-1"]
[WhiteElo "2315"]
[BlackElo "2019"]
[PlyCount "102"]
[EventDate "2010.05.15"]
[EventType "swiss"]
[EventRounds "9"]
[EventCountry "GEO"]
[SourceTitle "CBM 136 Extra"]
[Source "ChessBase"]
[SourceDate "2010.07.02"]
[SourceVersion "2"]
[SourceVersionDate "2010.07.15"]
[SourceQuality "1"]

1. e4 c5 2. Nf3 d6 3. d4 cxd4 4. Nxd4 Nf6 5. f3 e5 6. Nb3 Nc6 7. c4 Be7 8. Nc3 Be6 9. Be3 a5 10. Qd2 a4 11. Nc1 0-0 12. Be2 Nb8 13. g4 Nbd7 14. h4 Nb6 15. g5 Nh5 16. Nd5 Nxd5 17. exd5 Bf5 18. Kf2 Bg6 19. Nd3 f5 20. f4 exf4 21. Bxf4 Qe8 22. Bxh5 Bxh5 23. Kg3 Qf7 24. Rhe1 Rfe8 25. b3 axb3 26. axb3 Bf8 27. Rxe8 Rxe8 28. b4 Re2 29. Qc3 Qe8 30. Qd4 g6 31. Ra7 Bg7 32. Qb6 Qe4 33. Ra8+ Bf8 34. Rxf8+ Kxf8 35. Qd8+ Kg7 36. Qd7+ Qe7 37. Qxe7+ Rxe7 38. Nf2 Rd7 39. Nd3 Be2 40. Nb2 b5 41. cxb5 Bxb5 42. Nd1 Kf7 43. Kf2 Bc4 44. Ke3 Bxd5 45. Kd4 Ke6 46. Nc3 Bb7 47. Na4 Ba6 48. Nc3 Rb7 49. Na2 Rc7 50. Bg3 Rc4+ 51. Ke3 Rc2 0-1

[Event "Tbilisi Cup"]
[Site "Tbilisi"]
[Date "2010.05.17"]
[Round "3"]
[White "Gelashvili, Tamaz"]
[Black "Jalabadze, Natia"]
[Result "1-0"]
[WhiteElo "2614"]
[BlackElo "2019"]
[PlyCount "59"]
[EventDate "2010.05.15"]
[EventType "swiss"]
[EventRounds "9"]
[EventCountry "GEO"]
[SourceTitle "CBM 136 Extra"]
[Source "ChessBase"]
[SourceDate "2010.07.02"]
[SourceVersion "2"]
[SourceVersionDate "2010.07.15"]
[SourceQuality "1"]

1. e4 c5 2. b3 g6 3. Bb2 Nf6 4. e5 Nd5 5. d4 cxd4 6. Qxd4 Nb6 7. c4 Nc6 8. Qd2 e6 9. Nf3 Bg7 10. Nc3 0-0 11. Nb5 a6 12. Nd6 f6 13. exf6 Bxf6 14. Rd1 Bxb2 15. Qxb2 Qf6 16. Qd2 Rb8 17. Be2 Na8 18. h4 Ne5 19. h5 Nxf3+ 20. Bxf3 Qe5+ 21. Kf1 g5 22. h6 Qf4 23. Rh5 Qxd2 24. Rxd2 Rf6 25. Rxg5+ Kf8 26. Nxc8 Rxc8 27. Rxd7 Rxh6 28. Rgg7 b5 29. Bb7 Rb8 30. Rdf7+ 1-0

[Event "Tbilisi Chiburdanidze Cup"]
[Site "Tbilisi"]
[Date "2009.06.12"]
[Round "8"]
[White "Jalabadze, Natia"]
[Black "Ionica, Iulia Ionela"]
[Result "0-1"]
[WhiteElo "2041"]
[BlackElo "2266"]
[PlyCount "84"]
[EventDate "2009.06.05"]
[EventType "swiss"]
[EventRounds "9"]
[EventCountry "GEO"]
[SourceTitle "CBM 130 Extra"]
[Source "ChessBase"]
[SourceDate "2009.07.02"]
[SourceVersion "2"]
[SourceVersionDate "2009.07.15"]
[SourceQuality "1"]

1. e4 c5 2. Nf3 e6 3. d4 cxd4 4. Nxd4 Nf6 5. Nc3 d6 6. Bc4 Be7 7. 0-0 0-0 8. Bb3 Na6 9. f4 Nc5 10. e5 Nfe4 11. Nxe4 Nxe4 12. exd6 Qxd6 13. c3 Nf6 14. Qf3 Qc5 15. Be3 Qc7 16. Rad1 a6 17. Kh1 Bd7 18. Bc2 b5 19. Bf2 Rac8 20. Bh4 Bc6 21. Qh3 h6 22. Nxc6 Qxc6 23. Rd2 Rfd8 24. Rfd1 Rxd2 25. Rxd2 Qc4 26. Qd3 Qxf4 27. Bxf6 Bxf6 28. g3 Qc7 29. Qd6 Qb7+ 30. Kg1 Be7 31. Qd3 Bc5+ 32. Kf1 Qh1+ 33. Ke2 Qxh2+ 34. Ke1 Qg1+ 35. Ke2 g6 36. Bb3 Bf2 37. Rd1 Qxg3 38. Qd7 Qe3+ 39. Kf1 Rf8 40. Rd3 Qe1+ 41. Kg2 Qg1+ 42. Kf3 Bb6 0-1

[Event "Tbilisi Chiburdanidze Cup"]
[Site "Tbilisi"]
[Date "2009.06.11"]
[Round "7"]
[White "Hamdouchi, Adina Maria"]
[Black "Jalabadze, Natia"]
[Result "1/2-1/2"]
[WhiteElo "2314"]
[BlackElo "2041"]
[PlyCount "167"]
[EventDate "2009.06.05"]
[EventType "swiss"]
[EventRounds "9"]
[EventCountry "GEO"]
[SourceTitle "CBM 130 Extra"]
[Source "ChessBase"]
[SourceDate "2009.07.02"]
[SourceVersion "2"]
[SourceVersionDate "2009.07.15"]
[SourceQuality "1"]

1. d4 Nf6 2. Nf3 e6 3. Bf4 d5 4. e3 c5 5. c3 Nc6 6. Nbd2 Bd6 7. Bg3 0-0 8. Bd3 b6 9. Ne5 Qc7 10. f4 Bb7 11. 0-0 Ne7 12. Qf3 Nd7 13. Bb5 Nf6 14. Bd3 Nd7 15. Qe2 f6 16. Nxd7 Qxd7 17. Rad1 Nc6 18. dxc5 bxc5 19. e4 Qf7 20. e5 Be7 21. exf6 Bxf6 22. Rde1 Rae8 23. Nf3 Qh5 24. Bf2 c4 25. Bb1 e5 26. fxe5 Nxe5 27. Nxe5 Qxe2 28. Rxe2 Rxe5 29. Rfe1 Rxe2 30. Rxe2 a5 31. Bf5 Bc8 32. Bc2 Bg4 33. Rd2 Rb8 34. h3 Be6 35. Bd1 Bg5 36. Re2 Kf7 37. Bd4 g6 38. g4 Bd7 39. Rf2+ Ke6 40. Bf3 Kd6 41. Bd1 Re8 42. Kf1 Bh4 43. Re2 Rxe2 44. Kxe2 h5 45. Kf3 hxg4+ 46. hxg4 a4 47. Bc2 Be8 48. Kf4 Be7 49. Bd1 Bd7 50. Be5+ Kc5 51. Bb8 Bf6 52. g5 Bg7 53. Be5 Bf8 54. Ke3 Be7 55. Bf6 Bf8 56. Bf3 Bf5 57. Bd1 Bd7 58. Bd8 Bd6 59. Bc2 Be8 60. a3 Bf8 61. Ba5 Bg7 62. Bb4+ Kb5 63. Be7 Be5 64. Bf6 Bd6 65. Kd4 Bf7 66. Ke3 Be8 67. Bd1 Bf7 68. Bd8 Be6 69. Bf3 Bc5+ 70. Ke2 Kc6 71. Kd2 Bd7 72. Bf6 Be6 73. Bd1 Kb5 74. Bc2 Bf7 75. Ke2 Bd6 76. Kf3 Be8 77. Ke3 Bf7 78. Bd1 Bc7 79. Bg4 Kc6 80. Bc8 Bh2 81. Bg4 Bc7 82. Be7 Bb6+ 83. Kd2 Bc7 84. Bf6 1/2-1/2

[Event "Las Palmas op"]
[Site "Las Palmas"]
[Date "2009.04.12"]
[Round "9"]
[White "Rivas Crespo, Alejandro"]
[Black "Jalabadze, Natia"]
[Result "0-1"]
[WhiteElo "1652"]
[BlackElo "2041"]
[PlyCount "80"]
[EventDate "2009.04.05"]
[EventType "swiss"]
[EventRounds "9"]
[EventCountry "ESP"]
[SourceTitle "CBM 129 Extra"]
[Source "ChessBase"]
[SourceDate "2009.05.05"]
[SourceVersion "2"]
[SourceVersionDate "2009.05.20"]
[SourceQuality "1"]

1. e4 c5 2. Nf3 d6 3. d4 cxd4 4. Nxd4 Nf6 5. Nc3 Nc6 6. Be3 e5 7. Ndb5 a6 8. Na3 b5 9. Nd5 Rb8 10. Bg5 Be7 11. Bxf6 Bxf6 12. c3 0-0 13. Nc2 Be7 14. Nce3 Be6 15. Bd3 Bg5 16. Bc2 Bxe3 17. Nxe3 Ne7 18. 0-0 h6 19. Qd3 Qc7 20. Nd5 Bxd5 21. exd5 f5 22. Rac1 Kh8 23. Bb3 Qc5 24. Rc2 e4 25. Qe3 Qxe3 26. fxe3 Rbc8 27. c4 bxc4 28. Rxc4 Rxc4 29. Bxc4 a5 30. g4 g6 31. h3 Rc8 32. Bb3 Rc5 33. Rd1 Kg7 34. Kf2 Kf6 35. gxf5 gxf5 36. a4 Ke5 37. Kg3 Nxd5 38. Bxd5 Rxd5 39. Rxd5+ Kxd5 40. b4 axb4 0-1

[Event "Las Palmas op"]
[Site "Las Palmas"]
[Date "2009.04.11"]
[Round "8"]
[White "Jalabadze, Natia"]
[Black "Morales Camacho, Julian"]
[Result "0-1"]
[WhiteElo "2041"]
[BlackElo "2302"]
[PlyCount "46"]
[EventDate "2009.04.05"]
[EventType "swiss"]
[EventRounds "9"]
[EventCountry "ESP"]
[SourceTitle "CBM 129 Extra"]
[Source "ChessBase"]
[SourceDate "2009.05.05"]
[SourceVersion "2"]
[SourceVersionDate "2009.05.20"]
[SourceQuality "1"]

1. e4 e6 2. Nf3 b6 3. d4 Bb7 4. Bd3 d6 5. Nc3 Nd7 6. Be3 g6 7. Qd2 Bg7 8. h4 h6 9. Rg1 a6 10. g4 b5 11. h5 g5 12. Nh2 c5 13. dxc5 dxc5 14. a3 c4 15. Be2 Qc7 16. Nf3 Ngf6 17. e5 Nd5 18. Ne4 Nxe5 19. Nxe5 Qxe5 20. f3 0-0-0 21. Bc5 f5 22. Ng3 c3 23. bxc3 Nxc3 0-1

[Event "Las Palmas op"]
[Site "Las Palmas"]
[Date "2009.04.10"]
[Round "7"]
[White "Viera Falcon, Cristo"]
[Black "Jalabadze, Natia"]
[Result "0-1"]
[WhiteElo "1779"]
[BlackElo "2041"]
[PlyCount "82"]
[EventDate "2009.04.05"]
[EventType "swiss"]
[EventRounds "9"]
[EventCountry "ESP"]
[SourceTitle "CBM 129 Extra"]
[Source "ChessBase"]
[SourceDate "2009.05.05"]
[SourceVersion "2"]
[SourceVersionDate "2009.05.20"]
[SourceQuality "1"]

1. d4 Nf6 2. c4 e6 3. Nf3 b6 4. Nc3 Bb4 5. e3 Ne4 6. Qc2 Bxc3+ 7. bxc3 Bb7 8. Bd3 f5 9. 0-0 0-0 10. Nd2 Nxd2 11. Qxd2 d6 12. f3 Nd7 13. Qe2 Qf6 14. Bb2 e5 15. e4 f4 16. g4 g5 17. Kf2 h5 18. gxh5 Kf7 19. Ke1 Rh8 20. Kd2 Rxh5 21. Rf2 Qh6 22. Kc2 Rh8 23. Rh1 c5 24. Qd1 Bc6 25. Kb1 Nf6 26. Bc2 Qf8 27. Rg2 Rg8 28. Rhg1 Ke7 29. Rd2 Bd7 30. Ba4 Bxa4 31. Qxa4 Qb8 32. dxe5 dxe5 33. Rgd1 Qc7 34. Rd6 Qxd6 35. Qxa7+ Nd7 36. Rxd6 Kxd6 37. Qb7 Rgh8 38. a4 Rxh2 39. a5 bxa5 40. Qa6+ Ke7 41. Ka1 Rg2 0-1

[Event "Las Palmas op"]
[Site "Las Palmas"]
[Date "2009.04.09"]
[Round "5"]
[White "Jalabadze, Natia"]
[Black "Leon Manas, Jose Francisco"]
[Result "1-0"]
[WhiteElo "2041"]
[BlackElo "1724"]
[PlyCount "53"]
[EventDate "2009.04.05"]
[EventType "swiss"]
[EventRounds "9"]
[EventCountry "ESP"]
[SourceTitle "CBM 129 Extra"]
[Source "ChessBase"]
[SourceDate "2009.05.05"]
[SourceVersion "2"]
[SourceVersionDate "2009.05.20"]
[SourceQuality "1"]

1. e4 e5 2. Nf3 Nc6 3. Bb5 a6 4. Ba4 Nf6 5. d3 b5 6. Bb3 Bc5 7. 0-0 d6 8. h3 Na5 9. Nc3 Bb7 10. Be3 Nxb3 11. axb3 Bxe3 12. fxe3 Qe7 13. Qe1 h6 14. Nh4 d5 15. Nf5 Qf8 16. exd5 g6 17. Nh4 Nxd5 18. Nxd5 Bxd5 19. Nxg6 Qg8 20. Nh4 Qg7 21. e4 Be6 22. Nf5 Qg5 23. Qc3 Bxf5 24. Qc6+ Ke7 25. Rxf5 Qe3+ 26. Kh1 Qb6 27. Rxe5+ 1-0

[Event "Las Palmas op"]
[Site "Las Palmas"]
[Date "2009.04.08"]
[Round "4"]
[White "Herrera Reyes, Jose Antonio"]
[Black "Jalabadze, Natia"]
[Result "1-0"]
[WhiteElo "2107"]
[BlackElo "2041"]
[PlyCount "91"]
[EventDate "2009.04.05"]
[EventType "swiss"]
[EventRounds "9"]
[EventCountry "ESP"]
[SourceTitle "CBM 129 Extra"]
[Source "ChessBase"]
[SourceDate "2009.05.05"]
[SourceVersion "2"]
[SourceVersionDate "2009.05.20"]
[SourceQuality "1"]

1. Nc3 c5 2. Nf3 d5 3. d4 Nc6 4. Bf4 Bf5 5. e3 e6 6. Ne5 Nxe5 7. Bxe5 a6 8. dxc5 f6 9. Bd6 Bxd6 10. cxd6 Qxd6 11. Qd4 Ne7 12. e4 Nc6 13. Qd2 Bxe4 14. Nxe4 Qe5 15. 0-0-0 Qxe4 16. Re1 Qd4 17. Rxe6+ Kf7 18. Re3 Qxd2+ 19. Kxd2 Ne5 20. Be2 Rac8 21. b3 Rhd8 22. f4 Nc6 23. Re1 d4 24. Bc4+ Kf8 25. Re6 Rc7 26. a3 Ne7 27. R1e4 Rcd7 28. g4 f5 29. gxf5 Nxf5 30. Bd3 g6 31. R4e5 Ne7 32. Be4 Nd5 33. f5 gxf5 34. Rxf5+ Kg7 35. Rh5 Kg8 36. Rg5+ Kh8 37. h4 Nf4 38. Rf6 Nd5 39. Rff5 Nc7 40. h5 Ne6 41. Rg4 Rf8 42. h6 Rdf7 43. Rxf7 Rxf7 44. Bd5 Rf6 45. Re4 Nc7 46. Re7 1-0

[Event "Wch U14 Girls"]
[Site "Vung Tau"]
[Date "2008.10.29"]
[Round "10"]
[White "Jalabadze, Natia"]
[Black "Padmini, Rout"]
[Result "0-1"]
[WhiteElo "2023"]
[BlackElo "2235"]
[PlyCount "68"]
[EventDate "2008.10.20"]
[EventType "swiss"]
[EventRounds "11"]
[EventCountry "VIE"]
[SourceTitle "EXT 2009"]
[Source "ChessBase"]
[SourceDate "2008.11.26"]
[SourceVersion "1"]
[SourceVersionDate "2008.11.26"]
[SourceQuality "1"]

1. e4 c5 2. Nf3 d6 3. d4 cxd4 4. Nxd4 Nf6 5. Nc3 a6 6. Bc4 e6 7. 0-0 Be7 8. Bb3 0-0 9. f4 b5 10. a3 Bb7 11. f5 e5 12. Nde2 Nbd7 13. Ng3 Rc8 14. Be3 Rc7 15. Qf3 Qa8 16. Rad1 Rfc8 17. Nd5 Bxd5 18. exd5 Nc5 19. Bxc5 Rxc5 20. Ne4 Nxe4 21. Qxe4 Qa7 22. Kh1 Bf6 23. Rf3 a5 24. a4 bxa4 25. Qxa4 Qe7 26. Qe4 Rb8 27. Qe1 h6 28. Ra1 e4 29. Re3 Bxb2 30. Ra2 Be5 31. Rxe4 Qg5 32. Qf2 Rxb3 33. cxb3 Rc1+ 34. Re1 Qf4 0-1

[Event "EU-ch U14 Girls 18th"]
[Site "Herceg Novi"]
[Date "2008.09.24"]
[Round "9"]
[White "Jalabadze, Natia"]
[Black "Aranaz Murillo, Amalia"]
[Result "1-0"]
[WhiteElo "2018"]
[BlackElo "1959"]
[PlyCount "73"]
[EventDate "2008.09.15"]
[EventType "swiss"]
[EventRounds "9"]
[EventCountry "MNE"]
[SourceTitle "CBM 126 Extra"]
[Source "ChessBase"]
[SourceDate "2008.11.05"]
[SourceVersion "1"]
[SourceVersionDate "2008.11.05"]
[SourceQuality "1"]

1. e4 c6 2. d4 d5 3. Nc3 dxe4 4. Nxe4 Bf5 5. Ng3 Bg6 6. Nf3 Nd7 7. Bd3 Bxd3 8. Qxd3 e6 9. 0-0 Ngf6 10. Re1 Be7 11. c4 0-0 12. Bf4 c5 13. d5 exd5 14. Nf5 Re8 15. cxd5 Bf8 16. Rxe8 Nxe8 17. d6 Qf6 18. Re1 c4 19. Qc2 g6 20. Nh6+ Bxh6 21. Bxh6 Nxd6 22. Qd2 Nf5 23. Bg5 Qc6 24. Nd4 Nxd4 25. Qxd4 Qc5 26. Qh4 Qf5 27. Bh6 Ne5 28. Qe7 Qh5 29. Bg5 Nd3 30. Re2 Qg4 31. Bh6 Qxe2 32. Qxe2 Nc5 33. Qxc4 Rd8 34. g3 Ne6 35. Qc3 Nd4 36. Qc7 Re8 37. Qd7 1-0

[Event "EU-ch U14 Girls 18th"]
[Site "Herceg Novi"]
[Date "2008.09.18"]
[Round "4"]
[White "Efroimski, Marsel"]
[Black "Jalabadze, Natia"]
[Result "1/2-1/2"]
[WhiteElo "2091"]
[BlackElo "2018"]
[PlyCount "58"]
[EventDate "2008.09.15"]
[EventType "swiss"]
[EventRounds "9"]
[EventCountry "MNE"]
[SourceTitle "CBM 126 Extra"]
[Source "ChessBase"]
[SourceDate "2008.11.05"]
[SourceVersion "1"]
[SourceVersionDate "2008.11.05"]
[SourceQuality "1"]

1. e4 c5 2. Nf3 d6 3. d4 cxd4 4. Nxd4 Nf6 5. Nc3 Nc6 6. Bg5 e6 7. Qd2 Be7 8. 0-0-0 0-0 9. Nb3 Qb6 10. f3 Rd8 11. Nb5 Rd7 12. h4 d5 13. Qe1 dxe4 14. Rxd7 Bxd7 15. fxe4 a6 16. Nc3 Ng4 17. Rh3 Qg1 18. Nd2 Qf2 19. Qxf2 Nxf2 20. Rg3 Bd6 21. Rf3 Bc5 22. Nc4 Ba7 23. Be3 Ng4 24. Bxa7 Nxa7 25. Nb6 Rd8 26. Nxd7 Rxd7 27. Rd3 Ne5 28. Rxd7 Nxd7 29. b4 Kf8 1/2-1/2

[Event "Wch U14 Girls"]
[Site "Kemer"]
[Date "2007.11.26"]
[Round "9"]
[White "Padmini, Rout"]
[Black "Jalabadze, Natia"]
[Result "1-0"]
[WhiteElo "2226"]
[BlackElo "1995"]
[PlyCount "65"]
[EventDate "2007.11.18"]
[EventType "swiss"]
[EventRounds "11"]
[EventCountry "TUR"]
[SourceTitle "CBM 121 Extra"]
[Source "ChessBase"]
[SourceDate "2008.01.10"]
[SourceVersion "1"]
[SourceVersionDate "2008.01.10"]
[SourceQuality "1"]

1. e4 c5 2. Nf3 d6 3. d4 cxd4 4. Nxd4 Nf6 5. Nc3 Nc6 6. Bg5 e6 7. Qd2 Be7 8. 0-0-0 0-0 9. Nb3 Qb6 10. f3 Rd8 11. Nb5 Rd7 12. Be3 Qd8 13. N5d4 Qc7 14. g4 Nxd4 15. Nxd4 Rd8 16. g5 Nd7 17. h4 a6 18. h5 Nf8 19. f4 f6 20. f5 fxg5 21. h6 g6 22. Bxg5 Bxg5 23. Qxg5 Re8 24. Qg3 Qe7 25. Bc4 Kh8 26. Kb1 exf5 27. exf5 Qe5 28. Rde1 Qxg3 29. Rxe8 Be6 30. Rxa8 Bxc4 31. Rxf8+ Bg8 32. f6 Qg2 33. Rc1 1-0